000 00503nam a22001697a 4500
005 20241209185850.0
008 241209b |||||||| |||| 00| 0 eng d
020 _a9780131255777
050 _aQH315.5 BAR
100 _aBartsch, John
245 _aThe Living Environment/
_cJohn Bartsch & Mary P. Colvard
250 _a2004 edition
260 _aNeedham, Massachusetts
_bPearson Prentice Hall
_c2004
300 _avi.336p.
_bill. some color
_c27.5cm
700 _aColvard, Mary P.
942 _2lcc
_cBK
_n0
999 _c2024
_d2024